| 000 | 00563nam a22001817a 4500 | ||
|---|---|---|---|
| 999 |
_c121568 _d121568 |
||
| 005 | 20210303105250.0 | ||
| 008 | 210303b ||||| |||| 00| 0 eng d | ||
| 040 | _cPK-LaUMT | ||
| 082 |
_aRHC 297.86 _bEHS-M |
||
| 100 | _aEhsan Ilahi Zaheer = احسان الہی ظہیر | ||
| 245 |
_aMirziyyat aur Islam = مرزائیت اور اسلام / _cby Ehsan Ilahi Zaheer = احسان الہی ظہیر |
||
| 260 |
_aLahore : _bIdarah Tarjman ul Sunnat, _c1976 |
||
| 300 | _a240 p. | ||
| 546 | _aUrdu | ||
| 650 | _aIslam | ||
| 650 | _aMirziyyat | ||
| 942 | _cBK | ||